[Event "gorzyce wielkie"]
[Site "?"]
[Date "2020.02.08"]
[Round "6.9"]
[White "Katny, Samuel"]
[Black "Piekielny, Pawel"]
[Result "0-1"]
[BlackElo "1773"]
[WhiteElo "1326"]
[LiveChessVersion "1.4.8"]

1. e4 {[%clk 0:03:03]} e6 {[%clk 0:03:04]} 2. Nf3 {[%clk 0:03:04]} d5
{[%clk 0:03:05]} 3. exd5 {[%clk 0:03:05]} exd5 {[%clk 0:03:06]} 4. d4
{[%clk 0:03:06]} Bd6 {[%clk 0:03:07]} 5. Nc3 {[%clk 0:03:04]} Ne7
{[%clk 0:02:56]} 6. Bd3 {[%clk 0:03:01]} Nbc6 {[%clk 0:02:55]} 7. O-O
{[%clk 0:03:00]} Bg4 {[%clk 0:02:52]} 8. h3 {[%clk 0:03:00]} Bh5 {[%clk 0:02:53]}
9. Bb5 {[%clk 0:02:50]} O-O {[%clk 0:02:29]} 10. Bxc6 {[%clk 0:02:43]} bxc6
{[%clk 0:02:18]} 11. Re1 {[%clk 0:02:41]} Rb8 {[%clk 0:02:14]} 12. Qd3
{[%clk 0:02:23]} Bg6 {[%clk 0:02:03]} 13. Qd1 {[%clk 0:02:06]} f6
{[%clk 0:01:57]} 14. Qe2 {[%clk 0:01:54]} Re8 {[%clk 0:01:51]} 15. Qd1
{[%clk 0:01:54]} Qd7 {[%clk 0:01:36]} 16. Ne2 {[%clk 0:01:39]} Nf5
{[%clk 0:00:52]} 17. c3 {[%clk 0:01:38]} Re6 {[%clk 0:00:40]} 18. Nf4
{[%clk 0:01:37]} Rxe1+ {[%clk 0:00:35]} 19. Qxe1 {[%clk 0:01:30]} Bxf4
{[%clk 0:00:24]} 20. Bxf4 {[%clk 0:01:30]} Rxb2 {[%clk 0:00:26]} 21. Qc1
{[%clk 0:01:06]} Rb7 {[%clk 0:00:17]} 22. Qe1 {[%clk 0:01:06]} Nd6
{[%clk 0:00:17]} 23. Nd2 {[%clk 0:01:03]} Rb2 {[%clk 0:00:14]} 24. Nb3
{[%clk 0:00:58]} Nc4 {[%clk 0:00:08]} 25. Nc5 {[%clk 0:00:54]} Qe8
{[%clk 0:00:05]} 26. Qxe8+ {[%clk 0:00:43]} Bxe8 {[%clk 0:00:07]} 27. Bxc7
{[%clk 0:00:42]} Bg6 {[%clk 0:00:06]} 28. Bf4 {[%clk 0:00:32]} Rc2
{[%clk 0:00:07]} 29. Rc1 {[%clk 0:00:23]} Rxa2 {[%clk 0:00:07]} 30. Rb1
{[%clk 0:00:21]} Bxb1 {[%clk 0:00:07]} 31. f3 {[%clk 0:00:16]} a5
{[%clk 0:00:08]} 32. Bc7 {[%clk 0:00:13]} a4 {[%clk 0:00:10]} 33. Kf1
{[%clk 0:00:12]} a3 {[%clk 0:00:11]} 34. Nb3 {[%clk 0:00:11]} Bd3+
{[%clk 0:00:12]} 35. Ke1 {[%clk 0:00:10]} Rb2 {[%clk 0:00:12]} 36. Nc1
{[%clk 0:00:10]} Rb1 {[%clk 0:00:10]} 37. Kd1 {[%clk 0:00:10]} a2
{[%clk 0:00:08]} 38. Ba5 {[%clk 0:00:07]} Rxc1+ {[%clk 0:00:06]} 39. Kxc1
{[%clk 0:00:07]} a1=Q# {[%clk 0:00:07]} 0-1

[Event "gorzyce wielkie"]
[Site "?"]
[Date "2020.02.08"]
[Round "6.10"]
[White "Szelag, Zuzanna"]
[Black "Nowak, Roksana"]
[Result "1-0"]
[BlackElo "1299"]
[WhiteElo "1672"]
[LiveChessVersion "1.4.8"]

1. e4 {[%clk 0:03:02]} e5 {[%clk 0:03:03]} 2. Nf3 {[%clk 0:03:03]} Nc6
{[%clk 0:03:04]} 3. Bb5 {[%clk 0:03:04]} Nf6 {[%clk 0:03:05]} 4. Qe2
{[%clk 0:03:05]} d6 {[%clk 0:03:04]} 5. c3 {[%clk 0:03:05]} Bd7 {[%clk 0:03:04]}
6. d4 {[%clk 0:03:02]} exd4 {[%clk 0:02:55]} 7. cxd4 {[%clk 0:03:03]} a6
{[%clk 0:02:52]} 8. Bc4 {[%clk 0:03:01]} Be7 {[%clk 0:02:48]} 9. Nc3
{[%clk 0:02:58]} Bg4 {[%clk 0:02:48]} 10. Be3 {[%clk 0:02:52]} O-O
{[%clk 0:02:42]} 11. h3 {[%clk 0:02:51]} Bh5 {[%clk 0:02:40]} 12. O-O
{[%clk 0:02:36]} b5 {[%clk 0:02:27]} 13. Bb3 {[%clk 0:02:30]} b4 {[%clk 0:02:20]}
14. Nd5 {[%clk 0:02:24]} Nxd5 {[%clk 0:02:01]} 15. Bxd5 {[%clk 0:02:22]} Qd7
{[%clk 0:01:48]} 16. Rac1 {[%clk 0:02:18]} Nxd4 {[%clk 0:01:42]} 17. Bxd4
{[%clk 0:02:17]} Rac8 {[%clk 0:01:36]} 18. Qe3 {[%clk 0:02:08]} c5
{[%clk 0:01:15]} 19. Bxg7 {[%clk 0:01:58]} Kxg7 {[%clk 0:01:15]} 20. e5
{[%clk 0:01:51]} Bxf3 {[%clk 0:00:50]} 21. Bxf3 {[%clk 0:01:50]} dxe5
{[%clk 0:00:38]} 22. Qxe5+ {[%clk 0:01:38]} Kg8 {[%clk 0:00:36]} 23. Bg4
{[%clk 0:01:34]} f5 {[%clk 0:00:37]} 24. Rcd1 {[%clk 0:01:23]} Qc6
{[%clk 0:00:13]} 25. Bxf5 {[%clk 0:01:16]} Rce8 1-0

[Event "gorzyce wielkie"]
[Site "?"]
[Date "2020.02.08"]
[Round "7.1"]
[White "Sobczak, Miroslaw"]
[Black "Maciejczak, Jakub"]
[Result "0-1"]
[BlackElo "2313"]
[WhiteElo "1886"]
[LiveChessVersion "1.4.8"]

1. e4 {[%clk 0:03:03]} c6 {[%clk 0:03:02]} 2. d4 {[%clk 0:03:04]} d5
{[%clk 0:03:03]} 3. Nc3 {[%clk 0:03:05]} dxe4 {[%clk 0:03:04]} 4. Nxe4
{[%clk 0:03:06]} Nd7 {[%clk 0:03:04]} 5. Ng5 {[%clk 0:03:06]} Ngf6
{[%clk 0:03:05]} 6. Bd3 {[%clk 0:03:07]} e6 {[%clk 0:03:05]} 7. N1f3
{[%clk 0:03:06]} Bd6 {[%clk 0:03:05]} 8. Qe2 {[%clk 0:03:06]} h6 {[%clk 0:03:06]}
9. Ne4 {[%clk 0:03:07]} Nxe4 {[%clk 0:03:06]} 10. Qxe4 {[%clk 0:03:07]} Qc7
{[%clk 0:03:06]} 11. Bd2 {[%clk 0:03:07]} b6 {[%clk 0:03:06]} 12. Qg4
{[%clk 0:02:57]} g5 {[%clk 0:03:06]} 13. O-O-O {[%clk 0:02:52]} Nf6
{[%clk 0:03:01]} 14. Qh3 {[%clk 0:02:35]} Bf4 {[%clk 0:02:18]} 15. g3
{[%clk 0:02:09]} Bxd2+ {[%clk 0:02:12]} 16. Rxd2 {[%clk 0:02:11]} Bb7
{[%clk 0:01:55]} 17. Re1 {[%clk 0:02:00]} O-O-O {[%clk 0:01:54]} 18. Qf1
{[%clk 0:01:10]} c5 {[%clk 0:01:51]} 19. Ne5 Rxd4 {[%clk 0:01:40]} 20. c3
{[%clk 0:00:48]} Rd6 {[%clk 0:01:36]} 21. Nc4 {[%clk 0:00:31]} Rd5
{[%clk 0:01:32]} 22. Bc2 {[%clk 0:00:25]} Rhd8 {[%clk 0:01:26]} 23. Rxd5
{[%clk 0:00:25]} Bxd5 {[%clk 0:01:22]} 24. b3 {[%clk 0:00:22]} Kb8
{[%clk 0:01:19]} 25. Kb2 {[%clk 0:00:22]} Bf3 {[%clk 0:01:12]} 26. Ne5
{[%clk 0:00:19]} Bb7 {[%clk 0:01:09]} 27. Rd1 {[%clk 0:00:19]} Rxd1
{[%clk 0:01:07]} 28. Qxd1 {[%clk 0:00:20]} Qxe5 {[%clk 0:01:04]} 29. Qd8+
{[%clk 0:00:20]} Bc8 {[%clk 0:01:05]} 30. Bd3 {[%clk 0:00:12]} Nd5
{[%clk 0:00:23]} 31. Ba6 {[%clk 0:00:08]} Qxc3+ {[%clk 0:00:09]} 32. Ka3
{[%clk 0:00:07]} Qa5+ {[%clk 0:00:10]} 33. Kb2 {[%clk 0:00:08]} Qxa6
{[%clk 0:00:11]} 34. h4 {[%clk 0:00:05]} c4 {[%clk 0:00:10]} 35. hxg5
{[%clk 0:00:05]} c3+ {[%clk 0:00:11]} 36. Kc2 {[%clk 0:00:05]} Qxa2+
{[%clk 0:00:11]} 37. Kd3 {[%clk 0:00:05]} Qd2+ {[%clk 0:00:12]} 38. Kc4
{[%clk 0:00:06]} Ne3+ {[%clk 0:00:11]} 39. fxe3 {[%clk 0:00:07]} Qxd8
{[%clk 0:00:12]} 0-1

[Event "gorzyce wielkie"]
[Site "?"]
[Date "2020.02.08"]
[Round "7.2"]
[White "Michalski, Karol"]
[Black "Banach, Szymon"]
[Result "0-1"]
[BlackElo "1912"]
[WhiteElo "1946"]
[LiveChessVersion "1.4.8"]

1. d4 {[%clk 0:03:03]} Nf6 {[%clk 0:03:04]} 2. c4 {[%clk 0:03:04]} g6
{[%clk 0:03:05]} 3. Nc3 {[%clk 0:03:05]} Bg7 {[%clk 0:03:07]} 4. e4
{[%clk 0:03:06]} d6 {[%clk 0:03:09]} 5. Be2 {[%clk 0:03:06]} O-O {[%clk 0:03:10]}
6. h4 {[%clk 0:03:06]} h5 {[%clk 0:03:11]} 7. f3 {[%clk 0:03:02]} Nc6
{[%clk 0:03:07]} 8. d5 {[%clk 0:03:01]} Ne5 {[%clk 0:03:07]} 9. Nh3
{[%clk 0:03:01]} e6 {[%clk 0:02:56]} 10. Nf2 {[%clk 0:02:53]} exd5
{[%clk 0:02:52]} 11. cxd5 {[%clk 0:02:52]} c6 {[%clk 0:02:48]} 12. Bg5
{[%clk 0:02:12]} cxd5 {[%clk 0:02:29]} 13. Nxd5 {[%clk 0:02:12]} Qa5+
{[%clk 0:02:31]} 14. b4 {[%clk 0:02:13]} Qd8 {[%clk 0:02:22]} 15. Qd2
{[%clk 0:01:56]} Be6 {[%clk 0:02:17]} 16. Qf4 {[%clk 0:01:32]} Bxd5
{[%clk 0:02:11]} 17. exd5 {[%clk 0:01:27]} Nxd5 {[%clk 0:01:36]} 18. Qd2
{[%clk 0:01:27]} Ne7 {[%clk 0:00:45]} 19. Rd1 {[%clk 0:01:18]} f6
{[%clk 0:00:43]} 20. Bh6 {[%clk 0:01:19]} d5 {[%clk 0:00:41]} 21. g4
{[%clk 0:01:10]} Re8 {[%clk 0:00:34]} 22. gxh5 {[%clk 0:01:07]} Nf5
{[%clk 0:00:34]} 23. Bxg7 {[%clk 0:01:06]} Nxf3+ {[%clk 0:00:34]} 24. Kf1
{[%clk 0:01:04]} Nxd2+ {[%clk 0:00:34]} 25. Rxd2 {[%clk 0:01:05]} Kxg7
{[%clk 0:00:31]} 26. Rg1 {[%clk 0:01:05]} Nxh4 {[%clk 0:00:30]} 27. Rd4
{[%clk 0:00:59]} Qe7 {[%clk 0:00:30]} 28. Rxh4 Qxe2+ {[%clk 0:00:31]} 29. Kg2
{[%clk 0:00:43]} g5 {[%clk 0:00:31]} 30. h6+ {[%clk 0:00:44]} Kh7
{[%clk 0:00:31]} 31. Rd4 {[%clk 0:00:43]} Rac8 {[%clk 0:00:30]} 32. Rxd5
{[%clk 0:00:41]} Rc2 {[%clk 0:00:31]} 33. Rd7+ {[%clk 0:00:43]} Kg6
{[%clk 0:00:32]} 34. Rf1 {[%clk 0:00:42]} Qe4+ {[%clk 0:00:33]} 35. Kg1
{[%clk 0:00:42]} Qf5 {[%clk 0:00:26]} 36. h7 {[%clk 0:00:36]} Qxd7
{[%clk 0:00:27]} 0-1

[Event "gorzyce wielkie"]
[Site "?"]
[Date "2020.02.08"]
[Round "7.4"]
[White "Pera, Adam"]
[Black "Grzesiek, Karol"]
[Result "1-0"]
[BlackElo "1815"]
[WhiteElo "1840"]
[LiveChessVersion "1.4.8"]

1. d4 {[%clk 0:03:02]} d5 {[%clk 0:03:03]} 2. c4 {[%clk 0:03:03]} e6
{[%clk 0:03:04]} 3. Nc3 {[%clk 0:03:04]} Nf6 {[%clk 0:03:05]} 4. Bg5
{[%clk 0:03:05]} Be7 {[%clk 0:03:05]} 5. Nf3 {[%clk 0:03:06]} O-O
{[%clk 0:03:06]} 6. e3 {[%clk 0:03:07]} b6 {[%clk 0:03:06]} 7. cxd5
{[%clk 0:03:06]} exd5 {[%clk 0:03:06]} 8. Bd3 {[%clk 0:03:05]} Bb7
{[%clk 0:03:07]} 9. Rc1 {[%clk 0:03:00]} Nbd7 {[%clk 0:03:07]} 10. Bb1
{[%clk 0:02:54]} h6 {[%clk 0:03:05]} 11. Bf4 {[%clk 0:02:53]} c6 {[%clk 0:02:57]}
12. Qd3 {[%clk 0:02:43]} Re8 {[%clk 0:02:55]} 13. g4 {[%clk 0:02:32]} Nf8
{[%clk 0:02:53]} 14. g5 {[%clk 0:02:31]} hxg5 {[%clk 0:02:50]} 15. Nxg5
{[%clk 0:02:30]} c5 {[%clk 0:02:44]} 16. Rg1 {[%clk 0:01:57]} cxd4
{[%clk 0:02:44]} 17. Qxd4 {[%clk 0:01:54]} Bc5 {[%clk 0:02:38]} 18. Qd3
{[%clk 0:01:22]} d4 {[%clk 0:02:36]} 19. Qc4 {[%clk 0:00:34]} Re7
{[%clk 0:02:04]} 20. Rd1 {[%clk 0:00:29]} Rc8 {[%clk 0:01:40]} 21. Kf1
{[%clk 0:00:18]} b5 {[%clk 0:01:07]} 22. Qd3 {[%clk 0:00:11]} a6 {[%clk 0:01:00]}
23. exd4 {[%clk 0:00:10]} Bd6 {[%clk 0:00:55]} 24. Qg3 {[%clk 0:00:08]} Bxf4
{[%clk 0:00:27]} 25. Qxf4 {[%clk 0:00:09]} Qb6 {[%clk 0:00:21]} 26. Qg3
{[%clk 0:00:08]} Nh5 {[%clk 0:00:16]} 27. Qh4 {[%clk 0:00:07]} Qh6
{[%clk 0:00:17]} 28. Nh3 {[%clk 0:00:04]} Re6 {[%clk 0:00:14]} 29. Ne2
{[%clk 0:00:04]} Rf6 {[%clk 0:00:07]} 30. Ng5 {[%clk 0:00:03]} Nf4
{[%clk 0:00:05]} 31. Qxh6 {[%clk 0:00:04]} gxh6 {[%clk 0:00:05]} 32. Nh3+
{[%clk 0:00:04]} N4g6 {[%clk 0:00:06]} 33. Nef4 {[%clk 0:00:05]} Rcc6
{[%clk 0:00:05]} 34. d5 {[%clk 0:00:05]} Rcd6 {[%clk 0:00:06]} 35. Nxg6
{[%clk 0:00:06]} fxg6 {[%clk 0:00:07]} 36. Nf4 {[%clk 0:00:07]} Kh7
{[%clk 0:00:08]} 37. Nxg6 {[%clk 0:00:05]} Nxg6 {[%clk 0:00:09]} 38. h4
{[%clk 0:00:06]} h5 {[%clk 0:00:09]} 39. Rg5 {[%clk 0:00:06]} Kh6
{[%clk 0:00:10]} 40. Be4 {[%clk 0:00:04]} Nxh4 {[%clk 0:00:09]} 41. Ke2
{[%clk 0:00:04]} Kxg5 {[%clk 0:00:10]} 42. Rg1+ {[%clk 0:00:05]} Kh6
{[%clk 0:00:11]} 43. Rh1 {[%clk 0:00:07]} Ng6 {[%clk 0:00:11]} 44. Bf3
{[%clk 0:00:07]} h4 {[%clk 0:00:09]} 45. Be4 {[%clk 0:00:07]} Bxd5
{[%clk 0:00:09]} 46. Bxd5 {[%clk 0:00:09]} Rxd5 {[%clk 0:00:10]} 1-0

[Event "gorzyce wielkie"]
[Site "?"]
[Date "2020.02.08"]
[Round "7.5"]
[White "Barwinska, Ewa"]
[Black "Chmielarz, Maciej"]
[Result "1-0"]
[BlackElo "1883"]
[WhiteElo "1460"]
[LiveChessVersion "1.4.8"]

1. e4 {[%clk 0:03:03]} c6 {[%clk 0:03:03]} 2. d4 {[%clk 0:03:04]} d5
{[%clk 0:03:05]} 3. Nc3 {[%clk 0:03:05]} dxe4 {[%clk 0:03:06]} 4. Nxe4
{[%clk 0:03:06]} Bf5 {[%clk 0:03:07]} 5. Ng3 {[%clk 0:03:07]} Bg6
{[%clk 0:03:08]} 6. h4 {[%clk 0:03:08]} h6 {[%clk 0:03:09]} 7. f4
{[%clk 0:03:09]} e6 {[%clk 0:03:05]} 8. h5 {[%clk 0:03:10]} Bh7 {[%clk 0:03:06]}
9. Nf3 {[%clk 0:03:11]} Nd7 {[%clk 0:03:07]} 10. Bd3 {[%clk 0:03:13]} Bxd3
{[%clk 0:03:07]} 11. Qxd3 {[%clk 0:03:14]} Ngf6 {[%clk 0:03:04]} 12. Bd2
{[%clk 0:03:13]} c5 {[%clk 0:02:59]} 13. O-O-O {[%clk 0:02:44]} Qb6
{[%clk 0:02:54]} 14. f5 O-O-O {[%clk 0:02:39]} 15. fxe6 {[%clk 0:02:11]} Qxe6
{[%clk 0:02:23]} 16. Kb1 {[%clk 0:02:06]} Qb6 {[%clk 0:02:19]} 17. Qc4
{[%clk 0:01:38]} Bd6 {[%clk 0:01:41]} 18. Nf5 {[%clk 0:01:38]} Bf8
{[%clk 0:00:31]} 19. Qxf7 {[%clk 0:01:30]} cxd4 {[%clk 0:00:31]} 20. N3xd4
{[%clk 0:01:17]} Ne5 {[%clk 0:00:28]} 21. Qe6+ {[%clk 0:01:11]} Qxe6
{[%clk 0:00:26]} 22. Nxe6 {[%clk 0:01:12]} Re8 {[%clk 0:00:08]} 23. Nxf8
{[%clk 0:01:02]} Rexf8 {[%clk 0:00:08]} 24. Nxg7 {[%clk 0:00:59]} Rfg8
{[%clk 0:00:10]} 25. Bc3 {[%clk 0:00:53]} Ned7 {[%clk 0:00:09]} 26. Nf5
{[%clk 0:00:49]} Rxg2 {[%clk 0:00:08]} 27. Ne7+ {[%clk 0:00:47]} Kc7
{[%clk 0:00:08]} 28. Nd5+ {[%clk 0:00:46]} Nxd5 {[%clk 0:00:06]} 29. Bxh8 Ne3
{[%clk 0:00:04]} 30. Rd3 {[%clk 0:00:42]} Ng4 {[%clk 0:03:02]} 1-0

[Event "gorzyce wielkie"]
[Site "?"]
[Date "2020.02.08"]
[Round "7.6"]
[White "Rosik, Jakub"]
[Black "Hemmerling, Jaroslaw"]
[Result "1-0"]
[BlackElo "1615"]
[WhiteElo "1847"]
[LiveChessVersion "1.4.8"]

1. e4 {[%clk 0:03:02]} e6 {[%clk 0:03:03]} 2. d4 {[%clk 0:03:03]} d5
{[%clk 0:03:04]} 3. Nd2 {[%clk 0:03:04]} Nc6 {[%clk 0:03:04]} 4. Bb5
{[%clk 0:03:01]} Nge7 {[%clk 0:02:59]} 5. c3 {[%clk 0:02:58]} a6 {[%clk 0:02:58]}
6. Bd3 {[%clk 0:02:59]} e5 {[%clk 0:02:58]} 7. exd5 {[%clk 0:02:51]} Nxd5
{[%clk 0:02:48]} 8. Ngf3 {[%clk 0:02:22]} exd4 {[%clk 0:02:45]} 9. cxd4
{[%clk 0:02:21]} Ndb4 {[%clk 0:02:25]} 10. Nb3 {[%clk 0:01:53]} Nxd3+
{[%clk 0:01:41]} 11. Qxd3 {[%clk 0:01:54]} Bb4+ {[%clk 0:01:42]} 12. Bd2
{[%clk 0:01:50]} O-O {[%clk 0:01:42]} 13. O-O {[%clk 0:01:43]} Bg4
{[%clk 0:01:24]} 14. Ng5 {[%clk 0:01:16]} g6 {[%clk 0:01:25]} 15. Ne4
{[%clk 0:00:51]} Bxd2 {[%clk 0:00:53]} 16. Qxd2 {[%clk 0:00:47]} Bf5
{[%clk 0:00:47]} 17. Ng3 {[%clk 0:00:47]} Be6 {[%clk 0:00:43]} 18. Rad1
{[%clk 0:00:36]} Bxb3 {[%clk 0:00:39]} 19. axb3 {[%clk 0:00:38]} Qd5
{[%clk 0:00:40]} 20. Qc3 {[%clk 0:00:35]} Rad8 {[%clk 0:00:40]} 21. Rfe1
{[%clk 0:00:30]} Rfe8 {[%clk 0:00:26]} 22. Re3 {[%clk 0:00:28]} Rxe3
{[%clk 0:00:15]} 23. fxe3 {[%clk 0:00:28]} f5 {[%clk 0:00:11]} 24. Ne2
{[%clk 0:00:23]} Qe4 {[%clk 0:00:08]} 25. Qc4+ {[%clk 0:00:17]} Kg7
{[%clk 0:00:09]} 26. Qd3 {[%clk 0:00:18]} Re8 {[%clk 0:00:09]} 27. Qxe4
{[%clk 0:00:17]} Rxe4 {[%clk 0:00:11]} 28. Kf2 {[%clk 0:00:17]} Nb4
{[%clk 0:00:10]} 29. Nc3 {[%clk 0:00:17]} Re7 {[%clk 0:00:10]} 30. Na4
{[%clk 0:00:14]} Nd5 {[%clk 0:00:10]} 31. Re1 {[%clk 0:00:11]} b6
{[%clk 0:00:10]} 32. Nc3 {[%clk 0:00:12]} Nf6 {[%clk 0:00:08]} 33. h3
{[%clk 0:00:12]} Ne4+ {[%clk 0:00:08]} 34. Nxe4 {[%clk 0:00:13]} Rxe4
{[%clk 0:00:09]} 35. Rc1 {[%clk 0:00:13]} Re7 {[%clk 0:00:10]} 36. Rc6
{[%clk 0:00:14]} Kf7 {[%clk 0:00:11]} 37. Kf3 {[%clk 0:00:14]} Ke8
{[%clk 0:00:11]} 38. g4 {[%clk 0:00:14]} Kd7 {[%clk 0:00:13]} 39. Rf6
{[%clk 0:00:15]} fxg4+ {[%clk 0:00:12]} 40. hxg4 {[%clk 0:00:16]} Re6
{[%clk 0:00:09]} 41. Rf7+ {[%clk 0:00:16]} Re7 {[%clk 0:00:10]} 42. Rf8
{[%clk 0:00:17]} Kd6 {[%clk 0:00:11]} 43. e4 {[%clk 0:00:17]} Ke6
{[%clk 0:00:06]} 44. Rh8 {[%clk 0:00:12]} a5 {[%clk 0:00:06]} 45. Kf4
{[%clk 0:00:13]} Rf7+ {[%clk 0:00:07]} 46. Kg5 {[%clk 0:00:14]} Rd7
{[%clk 0:00:04]} 47. d5+ {[%clk 0:00:14]} Ke5 48. Re8+ Kd6 49. Kf6 Kc5 1-0

[Event "gorzyce wielkie"]
[Site "?"]
[Date "2020.02.08"]
[Round "7.7"]
[White "Piekielny, Pawel"]
[Black "Rog, Bartlomiej"]
[Result "1-0"]
[BlackElo "1422"]
[WhiteElo "1773"]
[LiveChessVersion "1.4.8"]

1. e4 c5 2. Nf3 {[%clk 0:03:02]} d6 {[%clk 0:03:05]} 3. d4 {[%clk 0:03:03]} cxd4
{[%clk 0:03:07]} 4. Nxd4 {[%clk 0:03:04]} Nf6 {[%clk 0:03:08]} 5. Nc3
{[%clk 0:03:04]} Nc6 {[%clk 0:03:10]} 6. Bg5 e6 7. f4 {[%clk 0:02:59]} a6
{[%clk 0:03:13]} 8. Qd2 {[%clk 0:02:57]} Bd7 {[%clk 0:03:13]} 9. O-O-O
{[%clk 0:02:52]} h6 {[%clk 0:03:13]} 10. Bxf6 {[%clk 0:02:38]} Qxf6
{[%clk 0:03:14]} 11. Nf3 {[%clk 0:02:22]} h5 {[%clk 0:02:51]} 12. e5
{[%clk 0:02:19]} Qh6 {[%clk 0:02:37]} 13. exd6 {[%clk 0:02:07]} O-O-O
{[%clk 0:02:32]} 14. Ng5 {[%clk 0:01:39]} f6 {[%clk 0:02:18]} 15. Nf7
{[%clk 0:01:40]} Qh7 {[%clk 0:02:17]} 16. Bd3 {[%clk 0:01:21]} Qg8
{[%clk 0:02:18]} 17. Nxd8 {[%clk 0:01:18]} Nxd8 {[%clk 0:02:19]} 18. Be4
{[%clk 0:01:18]} Nc6 {[%clk 0:02:20]} 19. Na4 {[%clk 0:01:11]} e5
{[%clk 0:01:40]} 20. Nb6+ {[%clk 0:01:02]} Kd8 {[%clk 0:01:41]} 21. Bd5
{[%clk 0:00:43]} Qh7 {[%clk 0:01:32]} 22. Nxd7 {[%clk 0:00:43]} Kxd7
{[%clk 0:01:31]} 23. Bxc6+ {[%clk 0:00:38]} bxc6 {[%clk 0:01:29]} 24. fxe5
{[%clk 0:00:37]} fxe5 {[%clk 0:01:23]} 25. Rhf1 {[%clk 0:00:35]} Qh6
{[%clk 0:01:14]} 26. Qxh6 {[%clk 0:00:28]} gxh6 {[%clk 0:01:14]} 27. Rf7+
{[%clk 0:00:29]} Ke6 {[%clk 0:01:12]} 28. d7 {[%clk 0:00:13]} Be7
{[%clk 0:01:14]} 29. Rf3 {[%clk 0:00:07]} Bg5+ {[%clk 0:01:12]} 30. Kb1
{[%clk 0:00:08]} e4 {[%clk 0:01:12]} 31. Ra3 {[%clk 0:00:04]} Rd8
{[%clk 0:01:09]} 32. Rxa6 {[%clk 0:00:05]} Rxd7 {[%clk 0:01:01]} 33. Rxc6+
{[%clk 0:00:06]} Ke7 {[%clk 0:01:02]} 34. Rxd7+ Kxd7 {[%clk 0:01:03]} 35. Rc4
{[%clk 0:00:04]} e3 {[%clk 0:01:03]} 36. Re4 {[%clk 0:00:05]} Kd6
{[%clk 0:00:59]} 37. c3 {[%clk 0:00:04]} Kd5 {[%clk 0:00:59]} 38. Re8
{[%clk 0:00:05]} Bf4 {[%clk 0:00:57]} 39. g3 {[%clk 0:00:05]} Be5
{[%clk 0:00:58]} 40. Kc2 {[%clk 0:00:05]} Ke4 {[%clk 0:00:49]} 41. Rxe5+
{[%clk 0:00:06]} Kxe5 {[%clk 0:00:50]} 42. Kd3 {[%clk 0:00:07]} Kf5
{[%clk 0:00:51]} 43. Kxe3 {[%clk 0:00:08]} Kg4 {[%clk 0:00:52]} 44. Kf2
{[%clk 0:00:09]} Kh3 {[%clk 0:00:53]} 45. Kg1 {[%clk 0:00:11]} 1-0

[Event "gorzyce wielkie"]
[Site "?"]
[Date "2020.02.08"]
[Round "7.8"]
[White "Wronka, Arkadiusz"]
[Black "Szelag, Zuzanna"]
[Result "1/2-1/2"]
[BlackElo "1672"]
[WhiteElo "1609"]
[LiveChessVersion "1.4.8"]

1. d4 {[%clk 0:03:02]} Nf6 {[%clk 0:02:59]} 2. c4 {[%clk 0:03:03]} c5
{[%clk 0:03:00]} 3. Nf3 {[%clk 0:03:00]} g6 {[%clk 0:02:56]} 4. Nc3
{[%clk 0:02:59]} cxd4 {[%clk 0:02:54]} 5. Nxd4 {[%clk 0:03:00]} Bg7
{[%clk 0:02:54]} 6. g3 {[%clk 0:02:55]} Nc6 {[%clk 0:02:53]} 7. Nxc6
{[%clk 0:02:54]} bxc6 {[%clk 0:02:51]} 8. Bg2 {[%clk 0:02:55]} O-O
{[%clk 0:02:48]} 9. O-O {[%clk 0:02:55]} Bb7 {[%clk 0:02:41]} 10. Qc2
{[%clk 0:02:41]} d5 {[%clk 0:02:35]} 11. cxd5 {[%clk 0:02:21]} cxd5
{[%clk 0:02:34]} 12. Rd1 {[%clk 0:02:05]} e6 {[%clk 0:02:32]} 13. Bf4
{[%clk 0:01:48]} Nh5 {[%clk 0:02:09]} 14. Bd2 {[%clk 0:01:36]} Rc8
{[%clk 0:02:01]} 15. Qb3 {[%clk 0:01:33]} Ba6 {[%clk 0:01:56]} 16. Bf1
{[%clk 0:01:13]} Rb8 {[%clk 0:01:38]} 17. Qa4 {[%clk 0:01:09]} Qd6
{[%clk 0:01:31]} 18. Rab1 {[%clk 0:00:53]} Rfc8 {[%clk 0:01:25]} 19. g4
{[%clk 0:00:44]} Nf6 {[%clk 0:01:15]} 20. h3 {[%clk 0:00:41]} Rc4
{[%clk 0:00:54]} 21. Qa5 {[%clk 0:00:25]} Bb7 {[%clk 0:00:24]} 22. e3
{[%clk 0:00:24]} h5 {[%clk 0:00:15]} 23. Bxc4 {[%clk 0:00:24]} dxc4
{[%clk 0:00:15]} 24. g5 {[%clk 0:00:24]} Qc6 {[%clk 0:00:13]} 25. e4
{[%clk 0:00:07]} Nxe4 {[%clk 0:00:13]} 26. Nxe4 {[%clk 0:00:07]} Qxe4
{[%clk 0:00:13]} 27. Kf1 {[%clk 0:00:05]} Qh1+ {[%clk 0:00:09]} 28. Ke2
{[%clk 0:00:06]} Qf3+ {[%clk 0:00:07]} 29. Kf1 {[%clk 0:00:07]} Qd3+
{[%clk 0:00:04]} 30. Ke1 {[%clk 0:00:06]} Qe4+ {[%clk 0:00:05]} 31. Kf1
{[%clk 0:00:07]} Qh1+ {[%clk 0:00:04]} 32. Ke2 {[%clk 0:00:09]} Bf8 1/2-1/2

[Event "gorzyce wielkie"]
[Site "?"]
[Date "2020.02.08"]
[Round "7.10"]
[White "Rozumek, Krzysztof"]
[Black "Drozdzynski, Arkadiusz"]
[Result "1-0"]
[BlackElo "1649"]
[WhiteElo "1861"]
[LiveChessVersion "1.4.8"]

1. h3 {[%clk 0:03:03]} d5 {[%clk 0:03:03]} 2. c3 {[%clk 0:03:04]} e5
{[%clk 0:03:03]} 3. d4 {[%clk 0:03:05]} Nc6 {[%clk 0:03:00]} 4. dxe5
{[%clk 0:03:06]} Nxe5 {[%clk 0:03:01]} 5. Bf4 {[%clk 0:03:07]} Ng6
{[%clk 0:03:01]} 6. Bh2 {[%clk 0:03:08]} Nf6 {[%clk 0:03:02]} 7. Nf3
{[%clk 0:03:09]} Bd6 {[%clk 0:02:57]} 8. Bxd6 {[%clk 0:03:09]} Qxd6
{[%clk 0:02:58]} 9. e3 {[%clk 0:03:10]} h6 {[%clk 0:02:55]} 10. Bd3
{[%clk 0:03:11]} Ne5 {[%clk 0:02:54]} 11. Nxe5 {[%clk 0:03:04]} Qxe5
{[%clk 0:02:55]} 12. Nd2 {[%clk 0:03:05]} c6 {[%clk 0:02:55]} 13. Nf3
{[%clk 0:03:05]} Qc7 {[%clk 0:02:55]} 14. Qc2 {[%clk 0:03:06]} Be6
{[%clk 0:02:50]} 15. O-O-O {[%clk 0:02:57]} O-O-O {[%clk 0:02:40]} 16. Rhe1
{[%clk 0:02:58]} Rhe8 {[%clk 0:02:40]} 17. Kb1 {[%clk 0:02:57]} Kb8
{[%clk 0:02:39]} 18. Bf5 {[%clk 0:02:57]} Bxf5 {[%clk 0:02:18]} 19. Qxf5
{[%clk 0:02:57]} Ne4 {[%clk 0:02:19]} 20. Nd2 {[%clk 0:02:41]} g6
{[%clk 0:02:18]} 21. Qf3 {[%clk 0:02:30]} f5 {[%clk 0:02:06]} 22. Nxe4
{[%clk 0:02:05]} Rxe4 {[%clk 0:02:04]} 23. g4 {[%clk 0:01:51]} fxg4
{[%clk 0:01:58]} 24. hxg4 {[%clk 0:01:51]} Qe7 {[%clk 0:01:56]} 25. Rh1
{[%clk 0:01:40]} Rf8 {[%clk 0:01:53]} 26. Qg3+ {[%clk 0:01:41]} Ka8
{[%clk 0:01:46]} 27. Rxh6 {[%clk 0:01:38]} Qg5 {[%clk 0:01:47]} 28. Rh4
{[%clk 0:01:36]} a6 {[%clk 0:01:34]} 29. Rdh1 {[%clk 0:01:14]} Qf6
{[%clk 0:01:03]} 30. R1h2 {[%clk 0:01:02]} Qe6 {[%clk 0:00:35]} 31. Kc2
{[%clk 0:00:36]} Ra4 {[%clk 0:00:18]} 32. a3 {[%clk 0:00:32]} Qe4+
{[%clk 0:00:18]} 33. Kc1 {[%clk 0:00:30]} Qd3 34. Qd6 Qf1+ 35. Kc2 Qe2+ 36. Kb3
Qc4+ 37. Kc2 Qf1 38. Kb1 Qc4 39. Kc2 Qd4 40. Qg3 Qd3+ 41. Kc1 Re4 42. Qg1 Rxe3
{[%clk 0:03:02]} 43. Qd1 1-0